Chansons de SEVENTEEN - Mort subite - Statistiques

Statistiques générales
  • Ce quiz a été pris 142 fois
    125 depuis la dernière actualisation
  • Le résultat moyen est 17 sur 23
Answers on the Grid
Answers color-coded by a green-red scale on the quiz's grid according to % correct below.
Stay Gold
Back Door
Left & Right
Mansae
Ready to love
Sign
THANKS
HOME;RUN
Anti-Romantic
HIT
Darl+ing
HOT
Make it
Pretty U
VERY NICE
Lie Again
Don't Wanna Cry
Hello
Light a Flame
From Home
Take Me Home
Super
Circles
God of Light Music
GO!
Rock with you
MAESTRO
_WORLD
Walk
THUNDER
God of Music
Oh My!
Karma
CLAP
Black Suit
 
Statistiques - réponses
Réponse % Correct
HOT
94%
VERY NICE
94%
Left & Right
93%
Pretty U
93%
Darl+ing
89%
Mansae
89%
Don't Wanna Cry
88%
HOME;RUN
87%
HIT
85%
MAESTRO
80%
Rock with you
80%
Super
80%
CLAP
79%
Ready to love
76%
THUNDER
73%
_WORLD
73%
THANKS
72%
God of Music
70%
Oh My!
60%
God of Light Music
59%
Circles
48%
Light a Flame
48%
Lie Again
34%
Aucun quiz correspondant
Distribution des résultats
% des personnes avec chaque résultat
Percentile par nombre de réponses
Votre historique - résultats
Vous n’avez pas pris ce quiz depuis la dernière actualisation